Komparácia vývoja Lisabonských kritérií vo vybraných krajinách EÚ, USA a Japonsku – ekonometrický prístup

Cieľom príspevku je zamerať sa na jeden z indikátorov Lisabonských kritérií, konkrétne hrubý domáci produkt, ktorý je výsledkom aktivít množstva ekonomických subjektov a transakcií. Medzery medzi outputom krajín EÚ a USA alebo Japonskom sú jednoznačné a preto sa autorka pokúša odhadnúť model, ktorý...

Descrizione completa

Salvato in:
Dettagli Bibliografici
Autore principale: Surmanová, Kvetoslava
Natura: Capitolo di libro
Lingua:slovacco
Soggetti:
Tags: Aggiungi Tag
Nessun Tag, puoi essere il primo ad aggiungerne!!

MARC

LEADER 00000nla$a2200000$$$4500
001 0088511
005 20240502072007.3
041 0 |a slo 
044 |a SK 
245 1 0 |a Komparácia vývoja Lisabonských kritérií vo vybraných krajinách EÚ, USA a Japonsku – ekonometrický prístup  |c Kvetoslava Surmanová 
520 |a Cieľom príspevku je zamerať sa na jeden z indikátorov Lisabonských kritérií, konkrétne hrubý domáci produkt, ktorý je výsledkom aktivít množstva ekonomických subjektov a transakcií. Medzery medzi outputom krajín EÚ a USA alebo Japonskom sú jednoznačné a preto sa autorka pokúša odhadnúť model, ktorý bude podkladom na zrealizovanie prognózy na najbližšie obdobie a následné zistenie, či je možné dosiahnuť úroveň USA a Japonska. 
610 2 0 |a Lisabonská stratégia 
610 2 0 |a produkt domáci hrubý 
610 2 0 |a Európska únia 
610 2 0 |a USA 
610 2 0 |a Japonsko 
610 2 0 |a modely ekonometrické 
610 2 0 |a porovnanie medzinárodné 
100 1 |a Surmanová, Kvetoslava